000
00312nam a22001337a 4500
020
_a
817826320-3
082
_a
823
_b
GRI/E
100
_a
BROTHERS GRIMM
245
_a
THE ELVES AND THE SHOEMAKER
260
_a
DELHI
_b
ROHAN BOOK COMPANY
_c
2003
300
_a
213
650
_a
MODERN ILLUSTRATED CLASSICS
942
_c
BK
999
_c
374
_d
374